Campaña Española de Ciudades y Pueblos Sostenibles : dossier acto de presentación dossier acto de presentación

por Campaña Española de Ciudades y Pueblos Sostenibles

Publicado: [S.l.] : [s.n.], [2003?]
Descripción Física: 51 p. : il. col., fot. ; 30 cm

MARC

LEADER 00000nam a2200000Ia 4500
001 15361
008 160829s9999 xx 000 0 cat d
080 |a M-4-309 
100 |a Campaña Española de Ciudades y Pueblos Sostenibles  |9 38523 
245 |a Campaña Española de Ciudades y Pueblos Sostenibles :  |b  dossier acto de presentación 
260 |a [S.l.] :  |b [s.n.], [2003?] 
300 |a 51 p. :  |b  il. col., fot. ;  |c 30 cm 
590 |a Pròleg signat per: Fuensanta Coves Botella, Consejera de Medio Ambiente, Junta de Andalucía i per Antoni Fogué i Moyá. Diputado de Medio Ambiente. Diputació de Barcelona 
650 |a Campaña Española de Ciudades y Pueblos Sostenibles   |9 38524 
650 0 |a Desenvolupament sostenible  |z Espanya  |9 43882 
901 |a Arxiu 
942 |n 1 
952 |0 0  |1 0  |4 0  |6 M4309  |7 1  |9 48458  |a Arxiu  |b Arxiu  |d 2016-12-01  |l 0  |o M-4-309  |p 15361  |r 2016-12-01 00:00:00  |w 2016-12-01  |y ARXIU 
999 |c 52287  |d 52287